Statistics for NFL Top 20 Players in the AFC East

Click here to take the quiz!

General Stats

  • This quiz has been taken 27 times
  • The average score is 9 of 20

Answer Stats

TeamPlayer% Correct
DolphinsTyreek Hill
100%
BillsJosh Allen
96%
BillsStefon Diggs
96%
DolphinsJaylen Waddle
83%
BillsVon Miller
58%
BillsTre'Davious White
50%
BillsJordan Poyer
38%
BillsMicah Hyde
38%
JetsQuinnen Williams
38%
DolphinsXavien Howard
38%
PatriotsHunter Henry
33%
PatriotsMatthew Judon
29%
BillsMatt Milano
29%
DolphinsTerron Armstead
29%
DolphinsJevon Holland
25%
DolphinsMike Gesicki
25%
DolphinsJason Sanders
21%
PatriotsNick Folk
17%
PatriotsMatthew Slater
13%
PatriotsJake Bailey
4%

Score Distribution

Percentile by Number Answered

Percent of People with Each Score

Your Score History

You have not taken this quiz